Experiencia laboral en la Agronomía "Agropampa" /
Guardado en:
| Autor Principal: | |
|---|---|
| Autor Corporativo: | |
| Otros Autores: | |
| Formato: | Libro |
| Idioma: | Spanish |
| Publicado: |
Bahía Blanca,
2019.
|
| Materias: | |
| Etiquetas: |
Agregar Etiqueta
Sin Etiquetas, Sea el primero en etiquetar este registro!
|
| LEADER | 00745nam a22001815a 4500 | ||
|---|---|---|---|
| 001 | EEA.libagro011085 | ||
| 005 | 20190408093833.0 | ||
| 008 | 190404s2019####ag############000#0#spa#d | ||
| 082 | 0 | 4 | |a 378.82 |
| 100 | 1 | |a Muzio, Facundo Agustín. | |
| 245 | 1 | 0 | |a Experiencia laboral en la Agronomía "Agropampa" / |c Facundo Agustín Muzio. |
| 260 | |a Bahía Blanca, |c 2019. | ||
| 300 | |a 46 h. : |b il. col., fot. col. ; |c 30 cm. | ||
| 500 | |a Trabajo de intensificación (Ingeniero Agrónomo) -- Universidad Nacional del Sur. Departamento de Agronomía, 2019. | ||
| 650 | 7 | |a Agronomía |2 agrovoc | |
| 700 | 1 | |a Pellegrini, Cecilia N., |e tutor. | |
| 710 | 2 | |a Universidad Nacional del Sur. |b Departamento de Agronomía. | |
| 859 | |a AR-BbBCA |b BIB. AGRONOMIA |h 378.82 |i M994 |p 2019/6999 | ||
